Основы ядерной геофизики: учебное пособие для вузов

গ্রন্থ-পঞ্জীর বিবরন
প্রধান লেখক: Мейер В. А. Владимир Александрович
সংস্থা লেখক: Ленинградский государственный университет (570)
অন্যান্য লেখক: Ваганов П. А. Петр Александрович
ভাষা:রুশ
প্রকাশিত: Ленинград, Изд-во ЛГУ, 1978
বিষয়গুলি:
বিন্যাস: গ্রন্থ
KOHA link:https://koha.lib.tpu.ru/cgi-bin/koha/opac-detail.pl?biblionumber=674052

MARC

LEADER 00000nam0a2200000 4500
001 674052
005 20240813084811.0
035 |a (RuTPU)RU\TPU\book\34925 
035 |a BOOK00001576 
090 |a 674052 
100 |a 20011210d1978 m||y0rusy50 ca 
101 0 |a rus 
102 |a RU 
105 |a a j 001yy 
181 0 |a i   |b  e  
182 0 |a n 
183 0 |a nc  |2 RDAcarrier 
200 1 |a Основы ядерной геофизики  |e учебное пособие для вузов  |f В. А. Мейер, П. А. Ваганов  |g Ленинградский государственный университет 
203 |a Текст  |b визуальный  |c непосредственный 
210 |a Ленинград  |c Изд-во ЛГУ  |d 1978 
215 |a 360 с.  |c ил. 
283 |a volume  |2 RDAcarrier 
320 |a Указатель литературы: с. 354-358  
606 1 |a Ядерная геофизика  |9 46517 
610 1 |a радиометрия 
610 1 |a химические элементы 
610 1 |a ядерный синтез 
610 1 |a Земля 
610 1 |a радиоактивные элементы 
610 1 |a распространение 
610 1 |a ядерная геотермика 
610 1 |a ядерная геохронология 
610 1 |a геология 
610 1 |a изотопы 
610 1 |a полезные ископаемые 
610 1 |a поиски 
610 1 |a ядерно-геофизические методы 
610 1 |a геокартирование 
610 1 |a скважины 
610 1 |a ядерно-геофизические исследования 
610 1 |a горнодобывающая промышленность 
610 1 |a руды 
610 1 |a качество 
610 1 |a редкие элементы 
610 1 |a геохимические ассоциации 
610 1 |a нейтронно-активационные исследования 
610 1 |a минералы 
610 1 |a гамма-резонансные исследования 
610 1 |a учебные пособия 
675 |a 550.35(075.8)  |v 4 
700 1 |a Мейер  |b В. А.  |g Владимир Александрович 
701 1 |a Ваганов  |b П. А.  |g Петр Александрович 
712 0 2 |a Ленинградский государственный университет  |c (1924-1991)  |4 570  |9 23175 
801 0 |a RU  |b 63413507  |c 20240813 
830 |a Ретро2024Каталогизация Шило 
850 |a 63413507 
942 |c BK